MARC

LEADER 00000nas a2200000 i 4500
001 ssj0000866682
003 WaSeSS
005 20200512172242.0
006 m d
007 cr n
008 121005c20139999njubr p s 0 a0eng
010 |a  2013250656 
022 |l 2324-9684  |y 2324-9684 
035 |a (WaSeSS)ssj0000866682 
037 |b 143 Old Marlton Pike, Medford, NJ 08055  |c $139.00  |c $27.00 (single issue) 
040 |a DLC  |b eng  |e pn  |c CUD  |d BUF  |d COO  |d OCLCO  |d OCLCF  |d OCLCQ  |d OCLCO  |d OCLCQ  |d OCLCO  |d UAB  |d Z5A  |d OCLCO  |d LIP  |d OCLCO  |d XFH  |d OCLCO  |d WT2  |d OCLCQ  |d AU@  |d OCLCO  |d WYU  |d OCLCO  |d OCLCA  |d U3W  |d VT2  |d OCLCO  |d OCLCA  |d OCLCQ  |d OCLCO  |d GWM  |d OCLCQ  |d OCLCA  |d WaSeSS 
042 |a pcc 
050 1 4 |a Z699.A1  |b O546 
082 1 4 |a 025  |2 15 
130 0 |a Online searcher (Medford, N.J.) 
245 1 0 |a Online searcher  |h [electronic resource]. 
260 |a Medford, NJ :  |b Information Today, Inc.,  |c 2013- 
310 |a Six issues per year 
362 1 |a Began with vol. 37, issue 1 (Jan./Feb. 2013). 
506 |a License restrictions may limit access. 
538 |a Mode of access: World Wide Web. 
580 |a Formed by the union of: Online; and: Searcher (Medford, N.J.). 
588 0 |a Vol. 37, issue 1 (Jan./Feb. 2013); title PDF running title (EBSCOhost CINAHL Plus with Full Text, viewed Sept. 3, 2013). 
588 1 |a Vol. 37, issue 3 (May/Jun 2013) (viewed Sept. 3, 2013). 
650 0 |a Information storage and retrieval systems  |v Periodicals. 
650 0 |a Online bibliographic searching  |v Periodicals. 
650 0 |a Online data processing  |v Periodicals. 
650 2 |a Online Systems. 
650 2 |a Information Systems. 
650 7 |a Information storage and retrieval systems.  |2 fast  |0 (OCoLC)fst00972781 
650 7 |a Online bibliographic searching.  |2 fast  |0 (OCoLC)fst01045925 
650 7 |a Online data processing.  |2 fast  |0 (OCoLC)fst01045942 
655 0 |a Electronic journals. 
776 0 8 |i Print version:  |t Online searcher (Medford, N.J.)  |x 2324-9684  |w (DLC) 2012203479  |w (OCoLC)812038505 
780 1 4 |t Online  |x 0146-5422  |w (DLC) 78640551  |w (OCoLC)2860390 
780 1 4 |t Searcher (Medford, N.J. : Online)  |w (DLC)sn 99048661  |w (OCoLC)42347419 
856 4 0 |z Full text available from Research Library: 01/01/2013 to present  |u https://search.proquest.com/publication/2026504